BAL-TANTRA (Record no. 11530)

MARC details
000 -LEADER
fixed length control field 00276nam a22001337a 4500
003 - CONTROL NUMBER IDENTIFIER
control field SGT
082 ## - DEWEY DECIMAL CLASSIFICATION NUMBER
Classification number 615.53
Item number B04KH
100 ## - MAIN ENTRY--PERSONAL NAME
Personal name KHANA, SHIVNATH
245 ## - TITLE STATEMENT
Title BAL-TANTRA
260 ## - PUBLICATION, DISTRIBUTION, ETC. (IMPRINT)
Place of publication, distribution, etc VARANSI
Name of publisher, distributor, etc CHAUKHAMBHA PUB
Year of Publication 2004
300 ## - PAGE DESCRIPTION
No. of Pages 731
650 ## - SUBJECT ADDED ENTRY--TOPICAL TERM
Topical term or geographic name as entry element AYURVEDA
942 ## - ADDED ENTRY ELEMENTS (KOHA)
Source of classification or shelving scheme Dewey Decimal Classification
Koha item type Books
Holdings
Withdrawn status Lost status Source of classification or shelving scheme Damaged status Not for loan Collection code Home library Current library Shelving location Date acquired Vendor Name Cost, normal purchase price SGTU Bill Number Total Checkouts Full call number Accession No. (Barcode) Date last seen Bill Date Koha item type Date last borrowed
    Dewey Decimal Classification     AYURVEDA SGT FA-FP Library SGT FA-FP Library Text Book 18/04/2017 CHAUKHAMBHA PUB 250.00 SGTU 55/17-18   615.53 B04KH FA6594 26/12/2017 06/04/2017 Books  
    Dewey Decimal Classification     AYURVEDA SGT FA-FP Library SGT FA-FP Library Text Book 18/04/2017 CHAUKHAMBHA PUB 250.00 SGTU 55/17-18   615.53 B04KH FA6595 18/04/2017 06/04/2017 Books  
    Dewey Decimal Classification     AYURVEDA SGT FA-FP Library SGT FA-FP Library Text Book 18/04/2017 CHAUKHAMBHA PUB 250.00 SGTU 55/17-18   615.53 B04KH FA6596 18/04/2017 06/04/2017 Books  
    Dewey Decimal Classification     AYURVEDA SGT FA-FP Library SGT FA-FP Library Text Book 18/04/2017 CHAUKHAMBHA PUB 250.00 SGTU 55/17-18 3 615.53 B04KH FA6597 16/11/2019 06/04/2017 Books 08/11/2019
    Dewey Decimal Classification     AYURVEDA SGT FA-FP Library SGT FA-FP Library Text Book 18/04/2017 CHAUKHAMBHA PUB 250.00 SGTU 55/17-18 1 615.53 B04KH FA6598 26/12/2017 06/04/2017 Books 09/12/2017